000 00938nam a22002777a 4500
001 7765
003 FISKH
005 20250805102015.0
008 250805b cb ||||| |||| 00| 0 eng d
020 _a9780590622165
040 _aFISKH
_beng
_cFISKH
_dFISKH
050 _aPZ73 .R4
082 _a468
100 _aReiser, Lynn
245 _aMargaret and Margarita / Margarita y Margaret /
_cBy Lynn Reiser
260 _aNew York :
_bScholastic ,
_c1993.
300 _a32 pages :
_bcolor illustrations ;
_c22 X 23 cm .
505 _aP
520 _aMargaret, who speaks only English, and Margarita, who speaks only Spanish, meet in the park and have fun playing together even though they have different languages.
521 8 _a640
_bLexile
521 8 _aP
_bRaz-Plus
650 _aBilingual Spanish
_vJuvenile Literature
650 _aFriendship
_vJuvenile Literature
942 _2ddc
_cBK
_n0
999 _c7765
_d7765